000 00438nam a2200181Ia 4500
001 2258
005 20260306143829.0
008 260306t2008||||xx |||||||||||||| ||spa||
041 _aESP
082 _a616.836
_bA37
100 _aAlcantud, Francisco
_eAUT
245 0 _aMi hija tiene parálisis cerebral infantil
260 _c2008
300 _a239 páginas :
_c21 cm.
650 _aGEN
654 _aCPS
942 _cLIB
_dJUS
_fJUS
_2ddc
_n
999 _c2258
_d2258